01085nam a22002535i 4500001000700000003000900007005001700016008004100033080002100074080002000095100002800115245004000143260012600183300007500309490005800384500001400442504002700456546008000483600002600563830006600589852003500655999001900690952012200709177723ES-MaACL20230906220409.0110414s1948 be f |||| | fre d a730 Wouters, Rik a75 Wouters, Rik1 aDelen, A. J. J.914619110aRik Wouters / cpar A. J. J. Delen. aAnvers ; Bruxelles : bDe Sikkel, pour le Ministere de l'Instruction Publique, les editions du Cercle d'Art, ccop. 1948. a15, [24] p. de lám. bl. y n. , [2] h. de lám. col. y n. ; c25 cm.1 aMonographies de l'art belge. Deuxième Série ; v8 aÍndice. aBibliografía: p. 13. aTexto en francés, leyenda de las ilustraciones en francés y holandés.14aWouters, Rik.91461920 aMonographies de l'art belge. Deuxième Série ; v89190568 aES-MaACLjE-14913 xOlim P-972 c177723d177723 00104070aATENEOMbATENEOMcDEPO2d2011-04-14eSCl0oE-14913p1186674r2023-02-23 00:00:00w2023-02-23yMONOGRAFIA